000 01365nam a2200265Ia 4500
999 _c56562
_d56562
001 23676
003 GE_BSU
005 20260312165410.0
008 181216s1998||||ge |||||||||||||| ||geo||
040 _cGE_BSU
041 _ageo
080 _a32(44)(092) + 94(44)"1769-1821 ც-74
100 _aცისკარიშვილი, დიმიტრი
_925905
245 _aნაპოლეონი. წ. 1, გენერალი ბონაპარტი /
_cდიმიტრი ცისკარიშვილი ; [რედ. იზა ზაალიშვილი] ; [მხატვ.: თამაზ შარიფაშვილი]
264 _aთბილისი :
_bლომისი,
_c1998.
300 _a487 გვ. :
_b ილ. ;
_c 22 სმ.
520 _aპარალ. სათ. ფრანგ. ენ. რეზ. ფრანგ.
541 _h12 ლ.
653 _aნაპოლეონი. წ. 1 : გენერალი ბონაპარტი
653 _aსაფრანგეთის ისტორია, 1769-1821 წწ.
653 _aნაპოლეონ I, 1769-1821
700 _aზაალიშვილი, იზა
_eრედაქტორი
_927121
700 _aშარიფაშვილი, თამაზ
_eმხატვარი
_927122
942 _cBK
_2udc